00805cam a22002171 4500001001300000003000400013005001700017008004100034010001700075035001900092040004100111042001200152050002600164110004100190245007100231260004300302300001900345490002700364501017900391999001700570e 09001251 DLC20260227111151.0800225s1909 dcu i f000 0 engdc ae 09001251  a(OCoLC)6019135 aU.S. Off. of Educ. LibrarycNbUdDLC apremarc00aL111b.A6 1909, no. 71 aUnited States.bOffice of Education.10aIndex to the Reports of the commissioner of education:b1867-1907. aWashington,bGovt. Print. Off.,c1909. a103 p.c24 cm.0 aBulletin, 1909:vno. 7 aWith: Instruction in the fine and manual arts in the United States / Henry Turner Bailey. Washington : Govt. Print. Off., 1909. Bound together subsequent to publication.5DLC c18849d18849